000 00408nam a2200157Ia 4500
005 20250703154416.0
008 240331s9999 xx 000 0 und d
020 _a9556230289
082 _bSEN
_a900
100 _aSenevirathne,C
245 0 _aRatin rata thoraturu2
260 _aDankotuwa
_bC. Lionel De Silva
_c1995
300 _a134 p .,
500 _aWomen's Country by Country Information 2
942 _cL
999 _c5302
_d5302